| 000 | 01864nam a2200217Ia 4500 | ||
|---|---|---|---|
| 003 | Ost | ||
| 005 | 20260507075109.0 | ||
| 008 | 260507s9999||||xx |||||||||||||| ||und|| | ||
| 040 | _cfsecg | ||
| 041 | _aara | ||
| 082 | _a330 | ||
| 100 |
_aاحمد، حسين _eمؤلف |
||
| 245 | 0 |
_aالاوراق النقدية في الاقتصاد الاسلامي : _bقيمتها واحكامها / _c حسين احمد |
|
| 260 |
_aدمشق: _bدار الفكر, _c1999 |
||
| 300 |
_a432 صفحة؛ _c24 سم |
||
| 520 | _aظهرت الأوراق النقدية على اثر الحرب العالمية الاولى سنة 1914 فلم تعد الدول منذ ذلك التاريخ تسمح بالتعامل بالذهب والفضة كالسابق ، وازاء ذلك اختلفت وجهات النظر لدى العلماء في مدى تطبيق الأحكام الفقهية المتعلقة بالدنانير الذهبية والدراهم الفضية على الأوراق النقدية ولقد توصلت الأبحاث في هذا الكتاب الى تكيف الفقهي للأوراق النقدية بإلحاقها بالذهب والفضة بالاستناد ألى التاهيل الفقهي والكشف عن الأدلة فتتبع الباحث تاريخ النقود ثم جمع أراء الفقهاء في مسائلها وفصل الأدلة الأصولية في اعتماد الأوراقالنقدية فالكتاب يبحث في تغير قيمة النقود وما يترتب عليه من انخفاض القوة الشرائية الأمر الذي يؤدي الى خسارة الدائن جزء من دينه ...... كما يبحث في بعض المعاملات المصرفية المعاصرة . | ||
| 653 | _aاقتصاد اسلامي | ||
| 653 | _aالنقود | ||
| 653 | _aاوراق نقدية | ||
| 942 | _cكتاب | ||
| 999 |
_c42854 _d42854 |
||